Unternehmen im DAX 40 - Statistiken

Allgemein
  • Dieses Quiz wurde 934 mal gespielt
    32 seit der letzten Aktualisierung
  • Das Durchschnittsergebnis liegt bei 13 aus 40
Antwortstatistiken
Antwort % Korrekt
BMW
92%
Mercedes-Benz Group
92%
Volkswagen (VW) vz.
92%
Porsche Automobil vz.
65%
SAP
65%
Allianz
62%
Bayer
58%
Siemens
58%
Deutsche Bank
54%
BASF
46%
E.ON
46%
adidas
42%
DHL Group
42%
Commerzbank
35%
RWE
35%
Fresenius
31%
Deutsche Telekom
27%
Rheinmetall
27%
Zalando
27%
Airbus
23%
Fresenius Medical Care
23%
Infineon
19%
Beiersdorf
15%
Daimler Truck
15%
Merck
15%
Siemens Energy
15%
Vonovia
15%
Deutsche Börse
12%
Hannover Rück
12%
Henkel vz.
12%
Münchener Rückversicherungs-Gesellschaft
12%
Brenntag
8%
Continental
8%
GEA
8%
Heidelberg Materials
8%
MTU Aero Engines
8%
Scout24
8%
Siemens Healthineers
8%
Symrise
8%
QIAGEN
4%
Keine übereinstimmenden Quizze gefunden
Verteilung der Resultate
Anzahl Personen mit jedem Resultat
Perzentil nach korrekt beantworteten Fragen
Ihre Resultats-Entwicklung
Sie haben dieses Quiz seit der letzten Aktualisierung nicht gespielt